Macromedia flash MX 2004

Bibliographic Details
Main Author: Dehaan, Jen (Author)
Format: Book
Language:English
Published: Barkeley : Macromedia Press 2004
Subjects:

MARC

LEADER 00000cam a2200000 7i4500
001 0000016004
005 20241028.0
008 200515 cau eng
020 |a 0321213424 
040 |a INS   |b eng   |e rda 
090 0 0 |a TR897.7   |b .D447 2004 
100 1 |a Dehaan, Jen ,   |e author 
245 1 0 |a Macromedia flash MX 2004   |c Jen Dehaan 
264 1 |a Barkeley :   |b Macromedia Press   |c 2004 
300 |a x, 459 pages ;   |c 25cm. 
336 |a text  |2 rdacontent 
337 |a unmediated  |2 rdamedia 
338 |a volume  |2 rdacarrier 
650 0 |a Computer animation 
650 0 |a Flash (computer file) 
999 |a 0000016033   |b BOOK   |c Open Shelf   |e Default branch